Statistics for European Geography By Letter D - Picture Quiz

Click here to take the quiz!

General Stats

  • This quiz has been taken 956 times
    (738 since last reset)
  • The average score is 9 of 18

Answer Stats

Answer% Correct
Denmark
98%
Danube
96%
White Clifs of {Dover}
84%
Dubrovnik
72%
Dublin
67%
Dalmatia
62%
Dnieper
62%
Don
56%
Dortmund
56%
Dresden
54%
Dusseldorf
48%
Dardanelles
46%
{Donetsk} Peoples Republic
30%
Dolomites
29%
Dinaric Alps
22%
Douro
22%
Dijon
20%
Dodecanese
18%

Score Distribution

Percentile by Number Answered

Percent of People with Each Score

Your Score History

You have not taken this quiz since the last reset